A carregar...

7 Ways To Hidden Affiliate Profits

Detalhes bibliográficos
Autor principal: Rachel Kumar
Formato: livro electrónico
Idioma:Undetermined
Publicado em: Kottayam DC Books
Assuntos:
LEADER 00405nam a2200133Ia 4500
008 161116s9999 xx 000 0 und d
100 |a Rachel Kumar 
245 |a 7 Ways To Hidden Affiliate Profits 
260 |b DC Books  |a Kottayam 
650 |a Business & Investing 
650 |a Marketing & Sales 
942 |c EB 
999 |c 117226  |d 117226 
952 |0 0  |1 0  |4 0  |7 0  |9 113983  |a MGUL  |b MGUL  |d 2016-11-16  |l 0  |r 2016-11-16  |w 2016-11-16  |y EB